Forensic medicine and toxicology / (Record no. 157831)

MARC details
000 -LEADER
fixed length control field 00657nam a22002177a 4500
005 - DATE AND TIME OF LATEST TRANSACTION
control field 20181003155827.0
010 ## - LCCN (DPL NO)
LC control number ENG-124167
020 ## - INTERNATIONAL STANDARD BOOK NUMBER
International Standard Book Number 9789383420582
Terms of availability 1500.00
035 ## - SYSTEM CONTROL NUMBER
System control number EN-107699
037 ## - SOURCE OF ACQUISITION
Source of stock number/acquisition DBAD/PUB.
082 ## - DEWEY DECIMAL CLASSIFICATION NUMBER
Edition number 614.1
100 ## - MAIN ENTRY--PERSONAL NAME
Personal name Mukherjee's J B
245 ## - TITLE STATEMENT
Title Forensic medicine and toxicology /
Statement of responsibility, etc by J B Mukherjee's; ed. by R.N. Karmakar
250 ## - EDITION STATEMENT
Edition statement 5th ed.
260 ## - PUBLICATION, DISTRIBUTION, ETC. (IMPRINT)
Place of publication, distribution, etc Kolkata
Name of publisher, distributor, etc Academic Publishers
Date of publication, distribution, etc 2018
270 ## - ADDRESS
Address 5A, Bhawani Dutta Lane,
City Kolkata
Postal code 700073
300 ## - PHYSICAL DESCRIPTION
Extent xvi,1068p.
Dimensions 24cm(Hb)
500 ## - GENERAL NOTE
General note It includes appendix and index
700 ## - ADDED ENTRY--PERSONAL NAME
Personal name Karmakar, R.N.
942 ## - ADDED ENTRY ELEMENTS (KOHA)
Source of classification or shelving scheme Dewey Decimal Classification
Item type English Books
Call number suffix MUK
Classification part 614.1
Holdings
Withdrawn status Lost status Not for loan Collection code Home library Current library Date acquired Source of acquisition Cost, normal purchase price Full call number Barcode Copy number Cost, replacement price Koha item type
    Not For Loan Non-fiction D.B.Act.Division Sarojini Nagar 04/10/2018 DBAD/PUB 1500.00 614.1 MUK EN-107699 1 1500.00 English Books

© Delhi Public Library
Hit Counter
free hit counter